• 首页
  • 本馆介绍
  • 公告通知
  • 最新文献
  • 馆藏检索
  • 电子资源
  • 读者荐购
  • 参考咨询
  • CALIS
  • 我的图书馆
  • 登录
  • 详细信息显示
  • 放入我的书架
  • 预约/预借图书
  • 作者相关作品
  • 分类相关作品
  • 丛书相关作品
  • 出版社相关作品

书目信息

  • 表格格式
  • 工作单格式
  • 卡片格式
题名:
注册电气工程师 (供配电) 执业资格考试基础考试历年真题详解
    
 
作者: 谢庆 , 曹纬浚 , 刘云鹏 主编 ;注册工程师考试复习用书编委会 编
分册: 下册  
出版信息: 北京   人民交通出版社股份有限公司  2015.02
页数: 254页
开本: 26cm
丛书名:
单 册:
中图分类: TM72-44
科图分类:
主题词: 供电系统--gong dian xi tong--资格考试--题解 , 配电系统--pei dian xi tong--资格考试--题解
电子资源:
ISBN: 978-7-114-12011-4
 
 
 
 
 
000 01326nam0 2200301 450
001 CAL 007269158
005 20150811124829.03
010    @a978-7-114-12011-4@dCNY69.00
100    @a20150527d2015 em y0chiy50 ea
101 0  @achi
102    @aCN@b110000
105    @aak q 000yy
106    @ar
200 1  @a注册电气工程师 (供配电) 执业资格考试基础考试历年真题详解@Azhu ce dian qi gong cheng shi ( gong pei dian ) zhi ye zi ge kao shi ji chu kao shi li nian zhen ti xiang jie@e2005-2014@h下册@f注册工程师考试复习用书编委会编@g谢庆, 曹纬浚, 刘云鹏主编
210    @a北京@c人民交通出版社股份有限公司@d2015.02
215    @a254页@c图@d26cm
330    @a本书分上、下两册, 上册为公共基础2005-2014年考试真题, 下册为专业基础 (供配电专业) 2005-2014年考试真题, 各10套, 共20套, 每套真题后均附有参考答案和解析。
333    @a2015全国勘察设计注册工程师执业资格考试用书
586    @a
606 0  @a供电系统@Agong dian xi tong@x资格考试@j题解
606 0  @a配电系统@Apei dian xi tong@x资格考试@j题解
690    @aTM72-44@v5
701  0 @a谢庆@Axie qing@4主编
701  0 @a曹纬浚@Acao wei jun@4主编
701  0 @a刘云鹏@Aliu yun peng@4主编
712 02 @a注册工程师考试复习用书编委会@Azhu ce gong cheng shi kao shi fu xi yong shu bian wei hui@4编
801  0 @aCN@c20150820
905    @a河南城建学院图书馆@dTM72-44@eZ920:2@f3
    
    注册电气工程师 (供配电) 执业资格考试基础考试历年真题详解:2005-2014.下册/注册工程师考试复习用书编委会编/谢庆, 曹纬浚, 刘云鹏主编.-北京:人民交通出版社股份有限公司,2015.02
    254页:图;26cm
    使用对象:2015全国勘察设计注册工程师执业资格考试用书
    
    ISBN 978-7-114-12011-4:CNY69.00
    本书分上、下两册, 上册为公共基础2005-2014年考试真题, 下册为专业基础 (供配电专业) 2005-2014年考试真题, 各10套, 共20套, 每套真题后均附有参考答案和解析。
●
相关链接 在E读中查询图书 在当当中查询图书 在豆瓣中查询图书


正题名:注册电气工程师 (供配电) 执业资格考试基础     索取号:TM72-44/Z920:2         预约/预借

序号 登录号 条形码 馆藏地/架位号 状态 备注
1 1163569   211635694   自科库301/301自科库 17排3列5层/ [索取号:TM72-44/Z920:2] 在馆    
2 1163570   211635701   自科库301/301自科库 17排3列5层/ [索取号:TM72-44/Z920:2] 在馆    
3 1163571   211635710   期刊室512/301自科库 12排2列3层/ [索取号:TM72-44/Z920:2] 在馆    
河南城建学院图书馆 欢迎您!
大连网信软件有限公司© 版权所有